Skúsenosti pri odstraňovaní škôd vzniknutých z povodní na zdravotno-technických zariadeniach zborník : Voda 2011, Piešťany 21.-22.6.2011

Podrobná bibliografia
Korporatívny autor: Voda Piešťany, Slovensko
Ďalší autori: Škultétyová, Ivona, 1960- (Editor)
Médium: Konferenčný príspevok Program E-kniha
Jazyk:slovenčina
čeština
Fyzický popis:1 elektronický optický disk (CD-ROM) fotogr., grafy, mp., sch., tab. 12 cm
Vydavateľské údaje: V Bratislave Slovenská technická univerzita, Stavebná fakulta 2011
ISBN:9788022735315 (elektronická kniha)
Vydanie:[1. vyd.]
Predmet:

MARC

LEADER 00000nam a2200000 a 4500
001 vtls010319000
003 SK-MaSNL
005 20260302045438.0
007 co bg muuua
008 111018s2011 xo dbolfs 100 0 slo
015 |a SNBS2013 
020 |a 9788022735315 (elektronická kniha) 
040 |a SNK  |b slo  |c SNK  |e AACR2 
041 0 |a slo  |a cze  |b cze  |b eng  |b slo 
044 |a xo  |c SK 
072 7 |a 502  |x Životné prostredie a jeho ochrana  |2 konspekt 
072 7 |a 626/627  |x Vodné staviteľstvo. Vodné hospodárstvo  |2 konspekt 
080 |a 626/628  |2 2001 
080 |a 502.171:628.11  |2 2001 
080 |a 627.513/.516  |2 2001 
080 |a 556.166:338.14  |2 2001 
080 |a (0.034.44)  |2 2001 
080 |a (062.534)  |2 2001 
111 2 |a Voda  |n (3. :  |d 2011 :  |c Piešťany, Slovensko)  |9 174499 
245 1 0 |a Skúsenosti pri odstraňovaní škôd vzniknutých z povodní na zdravotno-technických zariadeniach  |h elektronický zdroj  |b zborník : Voda 2011, Piešťany 21.-22.6.2011  |c editor: Ivona Škultétyová 
246 3 0 |a Voda 2011  |b Piešťany 21.-22.6.2011 
250 |a [1. vyd.] 
260 |a V Bratislave  |b Slovenská technická univerzita, Stavebná fakulta  |c 2011 
300 |a 1 elektronický optický disk (CD-ROM)  |b fotogr., grafy, mp., sch., tab.  |c 12 cm 
500 |a Názov z titulnej obrazovky 
504 |a Bibliogr. odkazy 
516 |a Textový dokument (zborník), súbory vo formáte html, pdf 
538 |a Technické požiadavky: internetový prehliadač, pdf prehliadač 
546 |a Text čiast. aj čes.; res. čiast. angl., čes., slov. 
650 0 7 |a vodné hospodárstvo  |2 SNKPH  |9 759 
650 0 7 |a ochrana vodných zdrojov  |2 SNKPH  |9 73866 
650 0 7 |a protipovodňová ochrana  |2 SNKPH  |9 68729 
650 0 7 |a povodňové škody  |2 SNKPH  |9 71108 
650 0 7 |a Water management  |2 SNKPHeng  |9 266146 
650 0 7 |a Water-supply management  |2 SNKPHeng  |9 326247 
650 0 7 |a Flood control  |2 SNKPHeng  |9 322113 
650 0 7 |a Flood damage  |2 SNKPHeng  |9 702559 
655 7 |a elektronické zdroje  |2 SNKPH  |9 90954 
655 7 |a CD-ROM  |2 SNKPH  |9 70236 
655 7 |a zborníky konferencií  |2 SNKPH  |9 70153 
655 7 |a Electronic resources  |2 SNKPHeng  |9 175546 
655 7 |a Proceedings of conferences  |2 SNKPHeng  |9 265791 
700 1 |a Škultétyová, Ivona,  |d 1960-  |4 edt  |9 206912 
752 |a Slovensko  |d Bratislava 
919 |a 978-80-227-3531-5 
958 |a NB 
999 |c 1093570  |d 1095500 
952 |a SNK  |b SNK  |y PREZ  |7 0  |p 17A0720789  |o snkSCDM 4214  |i snk2011/21351  |8 0  |0 0  |1 0  |4 0  |d 2011-10-18  |l 0  |r 2026-02-24 17:05:00  |w 2026-02-24 
952 |a SNK  |b SNK  |y PREZ  |7 0  |p 17A0720790  |o snkSCDM 4214 D1  |i snk2011/21352  |8 0  |0 0  |1 0  |4 0  |d 2011-10-18  |l 0  |r 2026-02-24 17:05:00  |w 2026-02-24